Walking Dead Couples Quiz - Statistics

General Stats
  • This quiz has been taken 688 times
  • The average score is 10 of 13
Answer Stats
Hint Answer % Correct
Rick Grimes* Lori Grimes/Michonne
99%
Maggie Greene* Glenn Rhee
95%
Sasha Williams* Bob Stookey/Abraham Ford
93%
Rosita Espinosa* Abraham Ford
88%
Patricia** Otis
73%
Tara Chambler* Alisha/Denise Cloyd
72%
Philip Blake** Andrea/Lilly Chambler
71%
Beth Greene** Zach/Jimmy
66%
Jessie Anderson** Pete Anderson
65%
Tyreese Williams** Karen
62%
Deanna Monroe** Reg Monroe
60%
Morgan Jones* Jenny Jones
55%
Enid* Ron Anderson
55%
No matching quizzes found
Score Distribution
Percent of People with Each Score
Percentile by Number Answered
Your Score History
You have not taken this quiz